000 00413nam a22001337a 4500
005 20170828151626.0
020 _a8178880032
_c375.00
035 _aB-059024
037 _aDPL
_bENG
245 _aComputer networking :
_bThe practice portfolio of latest questions /
260 _aNew Delhi
_bDominant Publishers and Distributors
_c2001
300 _a240p.
_c18 cms.
942 _2ddc
_cEN
_h005.754
_mCOM
999 _c62657
_d62657